000 00783nam a2200229 i 4500
001 67674
003 ES-MaACL
005 20250903231908.0
007 t|
008 040609s2003 sp ||||1| spa d
020 _a84-8102-351-5
080 _a821.134.2-14"19"
100 1 _aLópez Aranda, Ricardo.
_973408
245 1 0 _aBiografía secreta /
_cRicardo López Aranda ; estudio preliminar Arturo del Villar Santamaría.
260 _aSantander :
_bServicio de Publicaciones, Universidad de Cantabria,
_c2003.
300 _a135 p. ;
_c19 cm.
490 1 _aCantabria 4 estaciones ;
_v23
700 1 _aVillar, Arturo del,
_d1940-
_9115066
830 0 _aCantabria 4 estaciones ;
_v23
_9180649
852 _aES-MaACL
_jL-27913
_bR.133572
999 _c67674
_d67674